Online Catalogue and eLibrary

A Manual of the Vanni districts : (Record no. 3437)

MARC details
000 -LEADER
fixed length control field 00550nam a2200217Ia 4500
005 - DATE AND TIME OF LATEST TRANSACTION
control field 20250127014639.0
008 - FIXED-LENGTH DATA ELEMENTS--GENERAL INFORMATION
fixed length control field 240331s9999 xx 000 0 und d
020 ## - INTERNATIONAL STANDARD BOOK NUMBER
ISBN 817
082 ## - DDC Classification
Item Number - Author Mark LEW
Class No. 910
100 ## - MAIN ENTRY--PERSONAL NAME
Personal name Lewis, J.P
245 #0 - TITLE STATEMENT
Title A Manual of the Vanni districts :
Remainder of title vavuniya and mullaitivu
260 ## - PUBLICATION, DISTRIBUTION, ETC.
Place of publication, distribution, etc. Navrang
Name of publisher, distributor, etc. New Delhi
Date of publication, distribution, etc. 1993
300 ## - PHYSICAL DESCRIPTION
Extent (e.g. Volumes, Pages etc.) 335 p .,
650 ## - SUBJECT ADDED ENTRY--TOPICAL TERM
Topical term or geographic name entry element Topography
650 ## - SUBJECT ADDED ENTRY--TOPICAL TERM
Topical term or geographic name entry element Historical Sketch
650 ## - SUBJECT ADDED ENTRY--TOPICAL TERM
Topical term or geographic name entry element Administration
650 ## - SUBJECT ADDED ENTRY--TOPICAL TERM
Topical term or geographic name entry element population
650 ## - SUBJECT ADDED ENTRY--TOPICAL TERM
Topical term or geographic name entry element Division and Vilages
650 ## - SUBJECT ADDED ENTRY--TOPICAL TERM
Topical term or geographic name entry element Archaeology
942 ## - Koha item type (Biblio)
Koha item type Books in Stacks (Lending)
Holdings
Lost status Damaged status Collection code Home library Current library Shelving location Date acquired Full call number Accession Number Item type
    Lending WERC Library WERC Library Social Science Cupboard 03/31/2024 910.3 LEW 3595 Books in Stacks (Lending)

© WERC Library